Earth reinforcement and soil structures / (Record no. 550614)

000 -LEADER
fixed length control field 00644nam a2200205 a 4500
020 ## - INTERNATIONAL STANDARD BOOK NUMBER
International Standard Book Number 0727725254 (T. Telford)
020 ## - INTERNATIONAL STANDARD BOOK NUMBER
International Standard Book Number 0784401942 (ASCE Press)
082 00 - DEWEY DECIMAL CLASSIFICATION NUMBER
Classification number 624.151
Author Mark JON
-- L-39, P-192
100 1# - MAIN ENTRY--PERSONAL NAME
Personal name Jones, Colin J. F. P.
9 (RLIN) 42786
245 10 - TITLE STATEMENT
Title Earth reinforcement and soil structures /
Statement of responsibility, etc. Colin J.F.P. Jones.
250 ## - EDITION STATEMENT
Edition statement New ed.
260 ## - PUBLICATION, DISTRIBUTION, ETC.
Place of publication, distribution, etc. London :
Name of publisher, distributor, etc. T. Telford ;
Place of publication, distribution, etc. New York :
Name of publisher, distributor, etc. ASCE Press,
Date of publication, distribution, etc. c1996.
300 ## - PHYSICAL DESCRIPTION
Extent 379 p. :
Other physical details ill. ;
Dimensions 26 cm.
526 ## - STUDY PROGRAM INFORMATION NOTE
Program name 0
Interest level 0
Reading level 0
Title point value 624_151000000000000_JON
650 #0 - SUBJECT ADDED ENTRY--TOPICAL TERM
Topical term or geographic name entry element Embankments.
650 #0 - SUBJECT ADDED ENTRY--TOPICAL TERM
Topical term or geographic name entry element Foundations.
9 (RLIN) 892
650 #0 - SUBJECT ADDED ENTRY--TOPICAL TERM
Topical term or geographic name entry element MCE
9 (RLIN) 379
650 #0 - SUBJECT ADDED ENTRY--TOPICAL TERM
Topical term or geographic name entry element Soil stabilization.
9 (RLIN) 13080
942 ## - ADDED ENTRY ELEMENTS (KOHA)
Source of classification or shelving scheme
Koha item type Book
Holdings
Withdrawn status Lost status Source of classification or shelving scheme Damaged status Not for loan Permanent Location Current Location Date acquired Total Checkouts Full call number Barcode Date last seen Price effective from Koha item type
          Military College of Engineering (MCE) Military College of Engineering (MCE) 11/17/2014   624.151 JON MCE-43541 11/17/2014 03/14/2021 Book
© 2023 Central Library, National University of Sciences and Technology. All Rights Reserved.